Z histórie TJ II.časť

Bibliographic Details
Main Authors: Bartoš, Silvester (Author), Rerka, Jozef (Author)
Format: Article
Language:Slovak
PhysicalDescription:Fotogr.
Subjects:

MARC

LEADER 00000nab a2200000 ar4500
001 vtls009147125
003 SK-MaSNL
005 20260305031053.0
008 071005c2007 xo mr|p|||||||000 b|slo
038 |a SNSK 
040 |b slo  |c SNSK  |e AACR2 
041 |a slo 
044 |a xo  |c SK 
080 |a 796.062  |x (437.6)  |x (091)  |2 2001 
100 1 |a Bartoš, Silvester  |4 aut  |9 1169211 
245 1 0 |a Z histórie TJ  |n II.časť  |c Silvester Bartoš, Jozef Rerka 
300 |b Fotogr. 
610 2 7 |a Telovýchovná jednota (Smižany, Slovensko)  |2 snsk  |9 1608381 
651 7 |a Smižany (Slovensko)  |2 snsk  |9 29314 
651 7 |a Spišská Nová Ves (Slovensko : okres)  |2 snsk  |9 22259 
700 1 |a Rerka, Jozef  |4 aut  |9 1608659 
773 0 |t Smižiansky hlásnik  |g Roč. XVI., č. 3 (2007), s. 9. 
852 |a SNSK  |b KIS3GCP 
999 |c 3314513  |d 3316443